000 00444nam a2200169 i 4500
001 bg
100 1 _aBĄDKOWSKA, Zofia
245 0 _aObliczenia z chemii nieorganicznej /
_cZ. Bądkowska, E. Koliński, M. Wojnowska.
260 _aGdańsk,
_c1973.
700 1 _aKOLIŃSKI, Edmund
700 1 _aWOJNOWSKA, Maria
040 _cBPK
041 _apol
080 _a546(075.8)(076)
942 _cKS
008 s pl f |000 0 pol
999 _c26007
_d26007
856 _uhttp://koha.tu.koszalin.pl/cgi-bin/koha/opac-detail.pl?biblionumber=26007
_yKatalog online BPK